000 00494nam a2200193 a 4500
001 1771248326187
003 YourLibrary
005 20260216185647.0
008 260216s2001##################000#0#eng##
020 _a9780714652283
082 0 4 _a320.01
_bDRO
100 1 _aDror, Yehezkel,
_eauthor.
245 1 0 _aThe Capacity to Govern :
260 _bPsychology Press,
_c2001.
300 _a275 pages
650 0 _aPhilosophy.
942 _cENGLISH
040 _aYourLibrary
_beng
_cYourLibrary
999 _c612740
_d612740